| 000 | 00961cam a22002294a 4500 | ||
|---|---|---|---|
| 001 | 13646400 | ||
| 005 | 20260318164848.0 | ||
| 008 | 040706s2005 enka b 001 0 eng | ||
| 020 |
_a1403918813 _qcloth |
||
| 020 |
_a9781403918819 _q(cloth) |
||
| 050 | 0 | 0 |
_aHD31 _b.R525 2005 |
| 082 | 0 | 0 |
_a658 _222 |
| 245 | 0 | 4 |
_aThe right tools for the job : _bon the use and performance of management tools and techniques / _cby Andrew Cox ... [et al.]. |
| 260 |
_aHoundmills, Balsingstoke, Hampshire ; _aNew York : _bPalgrave Macmillan, _cc2005. |
||
| 300 |
_axii, 333 p. : _bill. ; _c23 cm. |
||
| 650 | 0 | _aIndustrial management. | |
| 700 | 1 | _aCox, Andrew W. | |
| 856 | 4 | 2 |
_3Contributor biographical information _uhttp://www.loc.gov/catdir/bios/hol059/2004048876.html |
| 856 | 4 | 2 |
_3Publisher description _uhttp://www.loc.gov/catdir/description/hol053/2004048876.html |
| 856 | 4 | 1 |
_3Table of contents _uhttp://www.loc.gov/catdir/toc/hol052/2004048876.html |
| 942 |
_2lcc _cBK _n0 |
||
| 999 |
_c9105 _d9105 |
||